000 00709cam a2200217 4500
001 J120804
008 000000n2002 000 0 eng u
035 _a(Sirsi) u120804
041 _aeng
050 _a333.3307
_c18
110 _aRoyal Institution of Chartered Surveyors
_bEducation and Training
_94397
245 _aGuide to lifelong learning courses with RICS partnership / accredited universities 2002 - 2003
260 _aCoventry
_bRICS
_c2002
300 _a72p.
_c21cm.
650 _aCPD
650 _aLIFELONG LEARNING
650 _aQUALIFICATIONS
690 _aMANAGEMENT-BUSINESS MANAGEMENT-PROFESSIONAL PRACTICE
710 _aRoyal Institution of Chartered Surveyors
_94900
942 _n0
999 _c102569
_d102569